UM Logo

Eating Behavior Among Senior High School Students/ (Record no. 14873)

MARC details
000 -LEADER
fixed length control field 00643nam a22001697a 4500
008 - FIXED-LENGTH DATA ELEMENTS--GENERAL INFORMATION
fixed length control field 200123b ||||| |||| 00| 0 eng d
082 ## - DEWEY DECIMAL CLASSIFICATION NUMBER
Edition number 2019
Classification number UT 1412
Item number Ol11
100 ## - MAIN ENTRY--PERSONAL NAME
Personal name Olaguir, Rona M.
9 (RLIN) 41287
245 ## - TITLE STATEMENT
Title Eating Behavior Among Senior High School Students/
Statement of responsibility, etc. Rona M. Olaguir, Lorie Mae C. Ramos & Rechel Joy A. Songcog
260 ## - PUBLICATION, DISTRIBUTION, ETC. (IMPRINT)
Place of publication, distribution, etc. Digos City
Name of publisher, distributor, etc. UMDC
Date of publication, distribution, etc. December 2019
300 ## - PHYSICAL DESCRIPTION
Extent 37 pages
Dimensions 30 cm
650 ## - SUBJECT ADDED ENTRY--TOPICAL TERM
Topical term or geographic name as entry element Technical Teacher Education
Form subdivision Food Service Management
General subdivision Undergraduate Thesis
9 (RLIN) 6834
700 ## - ADDED ENTRY--PERSONAL NAME
Personal name Olaguir, Rona M.
9 (RLIN) 41288
700 ## - ADDED ENTRY--PERSONAL NAME
Personal name Ramos,Lorie Mae C.
9 (RLIN) 41289
700 ## - ADDED ENTRY--PERSONAL NAME
Personal name Songcog,Rechel Joy A.
9 (RLIN) 41290
942 ## - ADDED ENTRY ELEMENTS (KOHA)
Source of classification or shelving scheme Dewey Decimal Classification
Koha item type Undergraduate Thesis
Holdings
Withdrawn status Lost status Source of classification or shelving scheme Damaged status Not for loan Collection code Home library Current library Date acquired Total Checkouts Full call number Barcode Date last seen Price effective from Koha item type
    Dewey Decimal Classification     Undergraduate Theses UM Digos College - LIC UM Digos College - LIC 01/22/2020   UT 1412 Ol11 2019 UT 1412 01/23/2020 01/23/2020 Undergraduate Thesis